[Event "Rottach Egern Seniors Cup 13th"]
[Site "Rottach Egern"]
[Date "2025.03.29"]
[Round "1"]
[White "Hacker, Thomas"]
[Black "Sieler, Ralf"]
[Result "1-0"]
[WhiteElo "1918"]
[BlackElo "1510"]
[PlyCount "74"]
[EventDate "2025.03.29"]
[EventType "swiss"]
[EventRounds "9"]
[EventCountry "GER"]
[SourceTitle "CB16_2025"]
[SourceDate "2025.04.16"]
[SourceVersion "1"]
[SourceVersionDate "2025.04.16"]
[SourceQuality "1"]

1. c4 Nf6 2. g3 e5 3. Bg2 Bc5 4. e3 c6 5. Ne2 0-0 6. 0-0 d5 7. d4 exd4 8. exd4 Be7 9. b3 Bf5 10. Nbc3 Na6 11. Bg5 Nc7 12. h3 h6 13. Be3 Qd7 14. Kh2 Ba3 15. Qd2 Bb4 16. a3 Be7 17. Nf4 Rad8 18. Nd3 Be6 19. Ne5 Qc8 20. c5 Nd7 21. Nd3 Bf6 22. f4 Bf5 23. g4 Bh7 24. f5 Rfe8 25. Rae1 Nb5 26. Nxb5 cxb5 27. Nf4 Qc7 28. Kh1 Bh4 29. Nxd5 Qb8 30. Re2 Nf6 31. Bf4 Rxe2 32. Qxe2 Qa8 33. Nxf6+ Bxf6 34. d5 a6 35. d6 g6 36. fxg6 Bxg6 37. Bxh6 Qc8 1-0

[Event "GER Seniors Derby 17th"]
[Site "Wesel Undeloh"]
[Date "2018.03.17"]
[Round "6"]
[White "Kabierschke, Wolfgang"]
[Black "Sieler, Ralf"]
[Result "1-0"]
[WhiteElo "1982"]
[BlackElo "1492"]
[PlyCount "67"]
[EventDate "2018.03.15"]
[EventType "swiss"]
[EventRounds "7"]
[EventCountry "GER"]
[SourceTitle "EXT 2019"]
[Source "ChessBase"]
[SourceDate "2018.10.10"]
[SourceVersion "1"]
[SourceVersionDate "2018.10.10"]
[SourceQuality "1"]

1. d4 Nf6 2. Bf4 d5 3. e3 e6 4. Bd3 c5 5. c3 Nc6 6. Nf3 Be7 7. Ne5 Nxe5 8. dxe5 Nd7 9. Nd2 Qb6 10. Rb1 Nb8 11. 0-0 Bd7 12. Qg4 g6 13. Bh6 Nc6 14. Qf4 Bf8 15. Bg5 Bg7 16. Bf6 Bxf6 17. Qxf6 0-0 18. Nf3 Qd8 19. h4 Qxf6 20. exf6 e5 21. Bb5 Rfe8 22. Bxc6 Bxc6 23. g4 d4 24. Nd2 Rad8 25. Rfd1 dxe3 26. fxe3 Rd3 27. Nc4 Be4 28. Rbc1 Red8 29. Rxd3 Rxd3 30. Nxe5 Rxe3 31. Rd1 h6 32. Rd8+ Kh7 33. Nxf7 g5 34. h5 1-0

[Event "GER Seniors Derby 17th"]
[Site "Wesel Undeloh"]
[Date "2018.03.17"]
[Round "5"]
[White "Sieler, Ralf"]
[Black "Skibbe, Peter"]
[Result "1/2-1/2"]
[WhiteElo "1492"]
[BlackElo "1538"]
[PlyCount "29"]
[EventDate "2018.03.15"]
[EventType "swiss"]
[EventRounds "7"]
[EventCountry "GER"]
[SourceTitle "EXT 2019"]
[Source "ChessBase"]
[SourceDate "2018.10.10"]
[SourceVersion "1"]
[SourceVersionDate "2018.10.10"]
[SourceQuality "1"]

1. Nf3 d5 2. c4 c6 3. b3 Nf6 4. Bb2 e6 5. e3 Nbd7 6. d4 Bb4+ 7. Nbd2 Ne4 8. a3 Nxd2 9. Nxd2 Be7 10. Bd3 0-0 11. 0-0 Qc7 12. Qc2 g6 13. Nf3 Bf6 14. Rfe1 Re8 15. Rac1 1/2-1/2